Principios de química: introduccion a los conceptos teoricos / Paul Ander, Anthony J. Sonnessa (Registro nro. 20245)
[ vista simple ]
| 000 -LÍDER | |
|---|---|
| fixed length control field | 00514nam a2200169 4500 |
| 008 - ELEMENTOS DE LONGITUD FIJA -- INFORMACIÓN GENERAL | |
| fixed length control field | 0 1973 0an 000 0Mex |
| 020 ## - NÚMERO INTERNACIONAL NORMALIZADO PARA LIBROS | |
| ISBN | 968-18-0880-0 |
| 050 ## - SIGNATURA TOPOGRAFICA DE LA BIBLIOTECA DEL CONGRESO (LC) | |
| Número de Clasificación | QD31.2 A544 |
| 082 ## - NUMERO DE CLASIFICACION DECIMAL DEWEY | |
| Número de Clasificación | 540 A727p |
| 100 ## - ASIENTO PRINCIPAL--NOMBRE PERSONAL | |
| Nombre personal | Ander, Paul |
| 245 ## - TÍTULO | |
| Título | Principios de química: introduccion a los conceptos teoricos / Paul Ander, Anthony J. Sonnessa |
| 250 ## - MENCIÓN DE EDICIÓN | |
| Mención de edición | 1 / reimp.1979,1982 |
| 260 ## - PUBLICACIÓN, DISTRIBUCIÓN, ETC. (PIE DE IMPRENTA) | |
| Lugar de publicación, distribución, etc. | México : Limusa |
| 300 ## - DESCRIPCIÓN FÍSICA | |
| Extensión | 845 p. / 24cm |
| 650 ## - ASIENTO SECUNDARIO DE MATERIA - TERMINO TEMÁTICO | |
| Término temático o nombre geográfico como elemento de entrada | 1. QUIMICA |
| 700 ## - ASIENTO SECUNDARIO - NOMBRE PERSONAL | |
| Nombre personal | I. Sonnessa, Anthony J. coaut. |
| No. biblioteca | No. biblioteca | Número de clasificación | Código de barras/Número de adquisición | Número de copia | Tipo de material |
|---|---|---|---|---|---|
| ÁREA DE BÁSICAS | LUIS G. INCLAN | 540 A727p | 12305 | 30 | Libros |
| ÁREA DE BÁSICAS | ÁREA DE BÁSICAS | 540 A727p | 4177 | 1 | Libros |
| ÁREA DE BÁSICAS | ÁREA DE BÁSICAS | 540 A727p | 4178 | 2 | Libros |
| ÁREA DE BÁSICAS | ÁREA DE BÁSICAS | 540 A727p | 4179 | 3 | Libros |
| ÁREA DE BÁSICAS | ÁREA DE BÁSICAS | 540 A727p | 4182 | 6 | Libros |
| ÁREA DE BÁSICAS | ÁREA DE BÁSICAS | 540 A727p | 4183 | 7 | Libros |
| ÁREA DE BÁSICAS | ÁREA DE BÁSICAS | 540 A727p | 4184 | 8 | Libros |
| ÁREA DE BÁSICAS | ÁREA DE BÁSICAS | 540 A727p | 4185 | 9 | Libros |
| ÁREA DE BÁSICAS | ÁREA DE BÁSICAS | 540 A727p | 4186 | 10 | Libros |
| ÁREA DE BÁSICAS | ÁREA DE BÁSICAS | 540 A727p | 4187 | 11 | Libros |
| ÁREA DE BÁSICAS | ÁREA DE BÁSICAS | 540 A727p | 8918 | 11 | Libros |
| ÁREA DE BÁSICAS | ÁREA DE BÁSICAS | 540 A727p | 9376 | 13 | Libros |
| ÁREA DE BÁSICAS | ÁREA DE BÁSICAS | 540 A727p | 10538 | 15 | Libros |
| ÁREA DE BÁSICAS | ÁREA DE BÁSICAS | 540 A727p | 10588 | 19 | Libros |
| ÁREA DE BÁSICAS | ÁREA DE BÁSICAS | 540 A727p | 25766 | 28 | Libros |
| ÁREA DE BÁSICAS | ÁREA DE BÁSICAS | 540 A727p | 12129 | 29 | Libros |
